000 00642nam a2200277Ia 4500
005 20260324150045.0
008 008 260324s9999 xx 000 0 eng d
020 _a9781315802886
037 _aEBOOK
040 _aCRL
040 _beng
040 _cCRL
041 _2eng
041 _aeng
084 _qCRL
100 _aJohn R. Anderson; G. H. Bower
_91223591
245 0 _aHuman Associative Memory
260 _bTaylor and Francis
260 _c1974
365 _a
365 _b230
856 _uhttp://www.taylorfrancis.com/books/9781315802886
942 _cEBOOK
999 _c1833929
_d1833929